Normal view
MARC view
Entry Topical Term
001 - CONTROL NUMBER
- control field: 27811
003 - CONTROL NUMBER IDENTIFIER
- control field: OSt
005 - DATE AND TIME OF LATEST TRANSACTION
- control field: 20260609103142.0
008 - FIXED-LENGTH DATA ELEMENTS
- fixed length control field: 260609|| aca||aabn | a|a d
040 ## - CATALOGING SOURCE
- Original cataloging agency: OSt
- Transcribing agency: OSt
150 ## - HEADING--TOPICAL TERM
- Topical term or geographic name entry element: Thought an Thinking Study and Teaching United States
670 ## - SOURCE DATA FOUND
- Source citation: Work cat.: (OSt)23594: Marzano, Robert J. 27674, Cultivating Thinking In English And The Language Arts, 1991
